| 000 | 00611 a2200193 4500 | ||
|---|---|---|---|
| 999 |
_c3883 _d3883 |
||
| 020 | _a9780521009775 | ||
| 050 | _aP 96 BAR 2001 | ||
| 100 |
_aBaker, C. Edwin _eauthor |
||
| 245 |
_aMedia, Markets and Democracy / _cC. Edwin Barker |
||
| 264 |
_aUK: _bCambridge University Press, _c2001 |
||
| 300 | _a377p.: | ||
| 440 | _aCommunication, society and politics | ||
| 500 | _aIncludes bibliographical references and index | ||
| 650 |
_aMass media _xmarketing |
||
| 650 |
_aMass media _xpolitical aspects |
||
| 700 |
_aBennett,W Lance _eauthor |
||
| 700 |
_aEntman, Robert M. _eauthor |
||
| 942 |
_2lcc _cBK _h96 _iBAK _kP |
||